00701nam a22002057a 4500999001900000005001700019010001300036020001800049035001300067037000900080082001200089100002100101245008100122260003500203270004100238300002600279500001800305942002600323952014600349 c179433d17943320210611154843.0 aB-740220 a9780060555665 aB-740220 bGift a332.678 aGraham, Benjamin aThe Intelligent Investor:bA book of Practical Counsel /cby Benjamin Graham aNew YorkbHarpercollins c2006 a10 East 53rd StreetbNew Yorke10022 axiv, 623p.c20cm(pbk) ainclude index 2ddccENh332.678mGRA 001040708NFICaMPbMPd2021-06-11eGIft/Eng/02-06-2021l1o332.678 GRApB-740220r2023-07-04 00:00:00s2023-06-22t1w2021-06-11yENzGift